000 00542nam a2200217Ia 4500
008 101110s9999 xx 000 0 und d
041 _aENGLISH
082 _bSR34443
100 _aJain Pawan K., Ahmad Khalil
245 _aMetric spaces, 2nd ed
260 _c2009
_bNarosa publishing house, New Delhi
300 _a150
365 _b135
520 _aMathematics
546 _aENGLISH
630 _aMetric spaces, 2nd ed
650 _aMathematics
655 _aMathematics
730 _aMetric spaces, 2nd ed
942 _cBOOK
999 _c826944
_d826941